=LDR 00000nam 2200000 4500 =001 NUTBA000000000005381 =990 ##$$a 21415389 =005 20141028160314.0 =990 ##$$a 21415387 =006 =990 ##$$a 21415388 =007 =990 ##$$a 21415390 =008 =020 ##$$a 978-979-9314-68-0 =035 ##$$a 0010-101400000000611 =040 ##$$a NBPDMAT =090 ##$$a 348 $b Rac d =100 ##$$a Rachmat Trijono =245 ##$$a Dasar-dasar ilmu pengetahuan perundang - undangan/ $c Rachmat Trijono =260 ##$$a Jakarta : $b Papas Sinar Sinanti, $c 2013 =300 ##$$a 265 hlm. ; $c 23 cm. =500 ##$$a Bibilografi : hlm. 255 =650 ##$$a Perundang - undangan =850 ##$$a NBPDMAT